| 000 | 00574nam a2200205 i 4500 | ||
|---|---|---|---|
| 001 | bgj | ||
| 100 | 1 | _aEVANS, Virginia | |
| 245 | 1 | 0 |
_aMission: FCE / _cVirginia Evans, Jenny Dooley. |
| 260 |
_aNewbury : _bExpress Publishing, _c1996. |
||
| 300 |
_a216 pp : _bill., photos ; _c28 cm. |
||
| 650 | 9 |
_aEnglish language _xTextbooks for foreigners |
|
| 650 | 9 |
_aFCE _xFCE coursebook |
|
| 700 | 1 |
_aDOOLEY, Jenny. _eco-author |
|
| 020 | _a1842168037 | ||
| 040 | _cBPK | ||
| 041 | 0 | _aeng | |
| 920 | _a1-84216-803-7 | ||
| 942 | _cKS | ||
| 008 | s uk f |000 0 eng | ||
| 999 |
_c48422 _d48422 |
||
| 856 |
_uhttp://koha.tu.koszalin.pl/cgi-bin/koha/opac-detail.pl?biblionumber=48422 _yKatalog online BPK |
||